THE ART OF WINNING ELECTIONS (Record no. 216119)
[ view plain ]
| 000 -LEADER | |
|---|---|
| fixed length control field | 00419nam a22001577a 4500 |
| 008 - FIXED-LENGTH DATA ELEMENTS--GENERAL INFORMATION | |
| fixed length control field | 250916b |||||||| |||| 00| 0 eng d |
| 020 ## - INTERNATIONAL STANDARD BOOK NUMBER | |
| International Standard Book Number | 978 9966 098 63 4 |
| 050 ## - LIBRARY OF CONGRESS CALL NUMBER | |
| Classification number | JF 2051.W54 2017 |
| 100 ## - MAIN ENTRY--PERSONAL NAME | |
| Personal name | NJERI WA WAINAINA |
| 245 ## - TITLE STATEMENT | |
| Title | THE ART OF WINNING ELECTIONS |
| 260 ## - PUBLICATION, DISTRIBUTION, ETC. | |
| Place of publication, distribution, etc. | NAIROBI |
| Name of publisher, distributor, etc. | VALUE CONVERSATIONS |
| Date of publication, distribution, etc. | 2017 |
| 300 ## - PHYSICAL DESCRIPTION | |
| Extent | 1X,230P. |
| 650 ## - SUBJECT ADDED ENTRY | |
| Topical term or geographic name entry element | POLITICAL SCIENCE |
| 942 ## - ADDED ENTRY ELEMENTS (KOHA) | |
| Source of classification or shelving scheme | Library of Congress Classification |
| Koha item type | Long Loan Book |
| Withdrawn status | Lost status | Source of classification or shelving scheme | Damaged status | Not for loan | Collection | Home library | Current library | Shelving location | Date acquired | Inventory number | Total checkouts | Full call number | Barcode | Date last seen | Date last checked out | Copy number | Price effective from | Koha item type |
|---|---|---|---|---|---|---|---|---|---|---|---|---|---|---|---|---|---|---|
| Library of Congress Classification | Arts & Social Sciences | Kisii University Library | Kisii University Library | On Display | 09/16/2025 | 000232 | 2 | JF 2051.W54 2017 | 047714 | 12/10/2025 | 11/17/2025 | 1 | 09/16/2025 | Long Loan Book |